000 00358nam a2200133Ia 4500
008 151001s9999||||xx |||||||||||||| ||und||
100 _aमाधुरी नाथ
245 _aत्रिमूर्ती
250 _a1
260 _b"नीरज बुक सेंटर,दिल्ली"
260 _c2010
300 _a119
365 _b21
999 _c999446
_d999443